Klobúk plný slov: podpora kreatívneho písania

Enregistré dans:
Détails bibliographiques
Auteur principal: Kopča, Rastislav (Auteur)
Autres auteurs: Vranić, Valentino (Directeur de thèse)
Format: Manuscrit Livre
Langue:slovaque
Publié: 2025
Sujets:
Accès en ligne:http://is.stuba.sk/zp/portal_zp.pl?podrobnosti=155022
Tags: Ajouter un tag
Pas de tags, Soyez le premier à ajouter un tag!

MARC

LEADER 00000ntm a22000003a 4500
001 stuzp92358
003 SK-STU
005 20250614210317.6
007 ta
008 150427s2015----xo-----f-mn---000-0-slo-d
040 |a STU  |b slo 
041 0 |a slo 
100 1 |a Kopča, Rastislav  |u 070200  |4 aut  |U FIIT Fakulta informatiky a informačných technológií  |T FIIT Ústav informatiky, informačných systémov a softvérového inžinierstva  |X 102998  |U I200  |Y 179  |7 102998 
242 0 1 |a A hat full of words: Creative writting support  |y eng 
245 1 0 |a Klobúk plný slov: podpora kreatívneho písania 
260 |c 2025 
650 4 |a Hat Full of Words  |2 eng 
650 4 |a web application  |2 eng 
650 4 |a creative writing  |2 eng 
650 4 |a klobúk plný slov  |2 slo 
650 4 |a kreatívne písanie  |2 slo 
650 4 |a webová aplikácia  |2 slo 
700 1 |a Vranić, Valentino  |4 ths  |X 4235  |7 4235 
856 4 |u http://is.stuba.sk/zp/portal_zp.pl?podrobnosti=155022